[Event "72. Bulgaria ch"]
[Site "Plovdiv BUL"]
[Date "2008.03.19"]
[Round "7.5"]
[White "Radulski, Julian"]
[Black "Petkov, Vladimir"]
[Result "0-1"]
[WhiteElo "2511"]
[BlackElo "2434"]
[PlyCount "214"]
[EventDate "2008.03.14"]
[EventType "tourn"]
[EventRounds "13"]
[EventCountry "BUL"]
[EventCategory "8"]
[Source "lmi"]
[SourceDate "2008.03.14"]

1. e4 e5 2. Nf3 Nc6 3. Bb5 Nf6 4. d3 d6 5. O-O Bd7 6. a4 Be7 7. a5 a6 8. Bc4
O-O 9. Re1 h6 10. c3 Be6 11. Nbd2 Qd7 12. Bb3 Rad8 13. Ba4 Qc8 14. b4 b5 15.
axb6 cxb6 16. b5 axb5 17. Bxb5 d5 18. Qa4 dxe4 19. Nxe4 Nxe4 20. Qxe4 Bd5 21.
Qe2 Qg4 22. Be3 Rd6 23. Ra4 Nd4 24. cxd4 Rg6 25. g3 Bxf3 26. Qf1 Bd5 27. f3
Bxf3 28. dxe5 Qh5 29. Rf4 Bd5 30. Bd4 Bg5 31. Rfe4 Bd2 32. Qe2 Qxe2 33. R1xe2
Bxe4 34. Rxe4 Rc8 35. Re2 Bc3 36. Bf2 Rd8 37. Kg2 Bd4 38. Bc4 Rc6 39. Be1 Rc5
40. e6 fxe6 41. Rxe6 Kh7 42. Bb4 Re5 43. Rc6 Rde8 44. Bf7 Re2+ 45. Kh3 Rd8 46.
Bg6+ Kg8 47. Rc7 Kh8 48. Be7 Ra8 49. Rd7 Bg1 50. Kg4 Ra4+ 51. Be4 Raxe4+ 52.
dxe4 Rxe4+ 53. Kf5 Re2 54. h4 Kh7 55. h5 Bd4 56. Bd6 Bf6 57. Rb7 Rb2 58. g4 b5
59. Ke6 Bc3 60. Kf5 b4 61. Ke4 b3 62. Kd3 Bf6 63. Kc4 Rc2+ 64. Kd3 Rc3+ 65. Ke4
Rc4+ 66. Kf5 b2 67. Ba3 Rc2 68. Ke4 Kg8 69. Kf5 Kh7 70. Ke4 Rd2 71. Kf5 Rd1 72.
Bxb2 Rb1 73. Bxf6 Rxb7 74. Be5 Rf7+ 75. Ke4 Rf1 76. Bf4 Kg8 77. Be5 Kf7 78. Bd4
Rb1 79. Kf5 Rb4 80. Bc3 Rb5+ 81. Be5 Ra5 82. Kf4 g6 83. hxg6+ Kxg6 84. Bc7 Rd5
85. Kg3 Rd3+ 86. Kf4 Rd4+ 87. Kf3 Kg5 88. Bb6 Rf4+ 89. Kg3 Rxg4+ 90. Kh3 Rb4
91. Be3+ Kh5 92. Kg3 Rb3 93. Kf2 Ra3 94. Bf4 Kg6 95. Kg2 Ra6 96. Kg3 Kf5 97.
Bc1 Rg6+ 98. Kh3 Rg1 99. Be3 Re1 100. Bf2 Rb1 101. Kg3 Rb3+ 102. Kh4 Kf4 103.
Be1 Rd3 104. Ba5 Rd1 105. Bc7+ Kf3 106. Kh5 Rh1+ 107. Kg6 Kg4 0-1

[Event "72. Bulgaria ch"]
[Site "Plovdiv BUL"]
[Date "2008.03.19"]
[Round "7.6"]
[White "Lilov, Valeri"]
[Black "Spasov, Vasil"]
[Result "0-1"]
[WhiteElo "2323"]
[BlackElo "2579"]
[PlyCount "158"]
[EventDate "2008.03.14"]
[EventType "tourn"]
[EventRounds "13"]
[EventCountry "BUL"]
[EventCategory "8"]
[Source "lmi"]
[SourceDate "2008.03.14"]

1. e4 c5 2. Nf3 Nc6 3. Nc3 Nf6 4. Bb5 g6 5. e5 Ng4 6. Bxc6 dxc6 7. h3 Nh6 8.
Ne4 b6 9. Qe2 Nf5 10. c3 a5 11. d3 Ba6 12. c4 Nd4 13. Nxd4 Qxd4 14. f4 O-O-O
15. Nd6+ Rxd6 16. exd6 Qxd6 17. Qe5 Qxe5+ 18. fxe5 Bg7 19. Bf4 Kd7 20. O-O-O
Ke6 21. Rhf1 Bc8 22. Kc2 Bd7 23. Rde1 Rd8 24. Bd2 Be8 25. Bc3 Bh6 26. g4 Bg5
27. Re4 h6 28. Rh1 Bh4 29. Be1 Bxe1 30. Rhxe1 Ra8 31. h4 Bd7 32. Kc3 Ra7 33.
Kd2 Rb7 34. Ke3 Rc7 35. Kf4 Ra7 36. Rb1 Be8 37. b3 Rd7 38. Ke3 Ra7 39. a3 Bd7
40. b4 cxb4 41. axb4 a4 42. d4 b5 43. Kd3 Bc8 44. Ree1 Ba6 45. d5+ cxd5 46.
cxd5+ Kxd5 47. Rbc1 Ke6 48. Rc6+ Kd7 49. Rc5 Bb7 50. Ke3 Ke6 51. Rxb5 Bd5 52.
Kd4 Bb3 53. Rb6+ Kd7 54. b5 Rc7 55. Ra6 Rc4+ 56. Ke3 Rb4 57. Ra5 Kc7 58. Rc1+
Kb6 59. Ra6+ Kxb5 60. Ra8 Rc4 61. Rg1 Kb4 62. Kd3 Rc3+ 63. Kd4 Rc4+ 64. Kd3 Rf4
65. h5 gxh5 66. gxh5 Rh4 67. Rc1 Ka3 68. Rc6 Rxh5 69. Rb6 Rxe5 70. Rxh6 Rd5+
71. Kc3 Rc5+ 72. Kd3 e5 73. Rf6 Kb2 74. Rb6 Rc4 75. Ra5 e4+ 76. Kd2 Ka3 77. Rf6
Rb4 78. Kc3 Rb7 79. Rc5 Rd7 0-1

[Event "72. Bulgaria ch"]
[Site "Plovdiv BUL"]
[Date "2008.03.19"]
[Round "8.1"]
[White "Kozhuharov, Spas"]
[Black "Tsvetkov, Ilia"]
[Result "1/2-1/2"]
[WhiteElo "2456"]
[BlackElo "2352"]
[PlyCount "28"]
[EventDate "2008.03.14"]
[EventType "tourn"]
[EventRounds "13"]
[EventCountry "BUL"]
[EventCategory "8"]
[Source "lmi"]
[SourceDate "2008.03.14"]

1. Nf3 d5 2. d4 Nf6 3. Bg5 e6 4. Nbd2 Be7 5. e3 O-O 6. Bd3 c5 7. c3 b6 8. O-O
Bb7 9. Ne5 Nfd7 10. Qh5 f5 11. Bxe7 Qxe7 12. f4 Nxe5 13. fxe5 Ba6 14. Bxa6 Nxa6
1/2-1/2

[Event "72. Bulgaria ch"]
[Site "Plovdiv BUL"]
[Date "2008.03.19"]
[Round "8.2"]
[White "Spasov, Vasil"]
[Black "Arnaudov, G. Petar"]
[Result "1-0"]
[WhiteElo "2579"]
[BlackElo "2345"]
[PlyCount "39"]
[EventDate "2008.03.14"]
[EventType "tourn"]
[EventRounds "13"]
[EventCountry "BUL"]
[EventCategory "8"]
[Source "lmi"]
[SourceDate "2008.03.14"]

1. e4 c5 2. Nf3 e6 3. c3 Nf6 4. e5 Nd5 5. d4 cxd4 6. cxd4 d6 7. a3 Bd7 8. Bd3
Bc6 9. O-O Nd7 10. b4 a6 11. Re1 Rc8 12. Bg5 Qc7 13. Nbd2 h6 14. Bh4 Nc3 15.
Qc2 Bd5 16. Rac1 Nb6 17. Nb1 Nba4 18. Nxc3 Nxc3 19. Qb2 Be7 20. Bg3 1-0

[Event "72. Bulgaria ch"]
[Site "Plovdiv BUL"]
[Date "2008.03.19"]
[Round "8.3"]
[White "Petkov, Vladimir"]
[Black "Lilov, Valeri"]
[Result "1-0"]
[WhiteElo "2434"]
[BlackElo "2323"]
[PlyCount "57"]
[EventDate "2008.03.14"]
[EventType "tourn"]
[EventRounds "13"]
[EventCountry "BUL"]
[EventCategory "8"]
[Source "lmi"]
[SourceDate "2008.03.14"]

1. d4 Nf6 2. c4 e6 3. Nc3 c5 4. d5 exd5 5. cxd5 d6 6. e4 g6 7. Nf3 Bg7 8. h3
O-O 9. Be3 Re8 10. Nd2 Nxe4 11. Ncxe4 f5 12. Bb5 Bd7 13. Bxd7 Qxd7 14. Ng5 f4
15. O-O fxe3 16. fxe3 Na6 17. Nde4 Rf8 18. Qb3 b6 19. Ne6 Rxf1+ 20. Rxf1 Nc7
21. N4g5 Re8 22. h4 Re7 23. Qd3 Nxe6 24. dxe6 Qe8 25. Qxd6 h6 26. Rf7 Bf8 27.
Nh7 Rxe6 28. Rxf8+ Kxh7 29. Qf4 1-0

[Event "72. Bulgaria ch"]
[Site "Plovdiv BUL"]
[Date "2008.03.19"]
[Round "8.5"]
[White "Mladenov, Plamen"]
[Black "Nikolov, Momchil"]
[Result "0-1"]
[WhiteElo "2288"]
[BlackElo "2500"]
[PlyCount "76"]
[EventDate "2008.03.14"]
[EventType "tourn"]
[EventRounds "13"]
[EventCountry "BUL"]
[EventCategory "8"]
[Source "lmi"]
[SourceDate "2008.03.14"]

1. Nf3 Nf6 2. e3 d5 3. d4 c5 4. b3 Nc6 5. Bb2 Bf5 6. a3 e6 7. Bd3 Bg6 8. O-O
Be7 9. Nbd2 O-O 10. Bxg6 hxg6 11. Ne5 Qb6 12. Nxc6 bxc6 13. dxc5 Bxc5 14. Qe2
a5 15. e4 Rfc8 16. Rab1 Rab8 17. Kh1 Bd4 18. c3 Bc5 19. f4 Be3 20. e5 Nd7 21.
Bc1 Bxd2 22. Bxd2 Qc5 23. a4 Qa3 24. Bc1 Qe7 25. b4 Nb6 26. Be3 axb4 27. Bxb6
Rxb6 28. cxb4 Rxb4 29. Qa6 Rcb8 30. Rxb4 Qxb4 31. Qxc6 Qxf4 32. Rc1 Rb4 33. a5
Ra4 34. Qa8+ Kh7 35. Rg1 Qxe5 36. a6 Qe2 37. Qe8 Qxa6 38. Qxf7 Ra1 0-1

[Event "72. Bulgaria ch"]
[Site "Plovdiv BUL"]
[Date "2008.03.19"]
[Round "8.7"]
[White "Iotov, Valentin"]
[Black "Vasilev, Milen"]
[Result "1/2-1/2"]
[WhiteElo "2495"]
[BlackElo "2470"]
[PlyCount "64"]
[EventDate "2008.03.14"]
[EventType "tourn"]
[EventRounds "13"]
[EventCountry "BUL"]
[EventCategory "8"]
[Source "lmi"]
[SourceDate "2008.03.14"]

1. d4 d5 2. Nf3 Nf6 3. c4 c6 4. Nc3 dxc4 5. e3 b5 6. a4 b4 7. Na2 e6 8. Bxc4
Bb7 9. O-O Nbd7 10. Qe2 c5 11. Rd1 Qb6 12. Bd2 a5 13. Be1 Bd6 14. Nc1 O-O 15.
Nb3 Rfd8 16. Bb5 cxd4 17. Nfxd4 e5 18. Nf5 Bf8 19. Nd2 Qe6 20. e4 g6 21. Ne3
Nxe4 22. Bc4 Qe7 23. Nd5 Bxd5 24. Bxd5 Nxd2 25. Bxa8 Nb3 26. Rab1 Nd4 27. Qa6
Nc5 28. Qxa5 Ncb3 29. Qa6 Nc5 30. Qa5 Ncb3 31. Qa6 Nc5 32. Qa5 Ncb3 1/2-1/2

[Event "72. Bulgaria ch"]
[Site "Plovdiv BUL"]
[Date "2008.03.20"]
[Round "9.1"]
[White "Vasilev, Milen"]
[Black "Kozhuharov, Spas"]
[Result "1-0"]
[WhiteElo "2470"]
[BlackElo "2456"]
[PlyCount "60"]
[EventDate "2008.03.14"]
[EventType "tourn"]
[EventRounds "13"]
[EventCountry "BUL"]
[EventCategory "8"]
[Source "lmi"]
[SourceDate "2008.03.14"]

1. d4 d5 2. c4 dxc4 3. Nf3 Nf6 4. e3 e6 5. Bxc4 c5 6. O-O a6 7. Bb3 b5 8. a4 b4
9. e4 cxd4 10. e5 Nfd7 11. Qxd4 Nc6 12. Qf4 Be7 13. Qg3 Kf8 14. Be3 h6 15. Nbd2
Bb7 16. Rac1 g6 17. Rfd1 Kg7 18. Ne4 Na5 19. Bxe6 fxe6 20. Nf6 Bc8 21. h4 Kf7
22. h5 Rg8 23. Nxg8 Qxg8 24. Rxc8 Rxc8 25. Rxd7 g5 26. Nd4 Ke8 27. Ra7 Nc6 28.
Nxc6 Rxc6 29. Qf3 Rc4 30. Ra8+ Bd8 1-0

[Event "72. Bulgaria ch"]
[Site "Plovdiv BUL"]
[Date "2008.03.20"]
[Round "9.2"]
[White "Rusev, Krasimir"]
[Black "Iotov, Valentin"]
[Result "1/2-1/2"]
[WhiteElo "2521"]
[BlackElo "2485"]
[PlyCount "65"]
[EventDate "2008.03.14"]
[EventType "tourn"]
[EventRounds "13"]
[EventCountry "BUL"]
[EventCategory "8"]
[Source "lmi"]
[SourceDate "2008.03.14"]

1. d4 Nf6 2. c4 e6 3. Nf3 d5 4. Nc3 Bb4 5. cxd5 exd5 6. Bg5 Nbd7 7. e3 c5 8.
Bd3 Qa5 9. Qc2 O-O 10. O-O c4 11. Bf5 Re8 12. Nd2 g6 13. Bxd7 Nxd7 14. h4 f6
15. Bf4 Bxc3 16. Qxc3 Qxc3 17. bxc3 Nb6 18. a4 Bd7 19. a5 Na4 20. Ra3 b5 21.
axb6 axb6 22. e4 b5 23. e5 fxe5 24. Bxe5 Nb2 25. Rfa1 Ra4 26. Nf1 Nd3 27. Rxa4
bxa4 28. Ne3 Nxe5 29. Nxd5 Nd3 30. Nf6+ Kg7 31. Nxe8+ Bxe8 32. g3 Kf6 33. Kf1
1/2-1/2

[Event "72. Bulgaria ch"]
[Site "Plovdiv BUL"]
[Date "2008.03.20"]
[Round "9.3"]
[White "Nikolov, Momchil"]
[Black "Milchev, Nikolay"]
[Result "1-0"]
[WhiteElo "2500"]
[BlackElo "2373"]
[PlyCount "83"]
[EventDate "2008.03.14"]
[EventType "tourn"]
[EventRounds "13"]
[EventCountry "BUL"]
[EventCategory "8"]
[Source "lmi"]
[SourceDate "2008.03.14"]

1. d4 d5 2. Nf3 Nf6 3. c4 c6 4. Nc3 dxc4 5. a4 Bf5 6. e3 e6 7. Bxc4 Nbd7 8. O-O
Bd6 9. Qe2 Bg6 10. e4 e5 11. Rd1 Qe7 12. d5 Nc5 13. Bg5 h6 14. Bxf6 Qxf6 15. b4
Nd7 16. dxc6 bxc6 17. b5 Nc5 18. bxc6 O-O 19. Rd5 Rfd8 20. Rad1 Rac8 21. Qe3
Rxc6 22. Nxe5 Bxe5 23. Rxd8+ Kh7 24. Bb5 Rc7 25. Re8 Bxc3 26. e5 Qf5 27. Qxc3
Qxf2+ 28. Kxf2 Ne4+ 29. Ke3 Nxc3 30. Rdd8 Bf5 31. g4 Bb1 32. h4 Kg6 33. Rd6+ f6
34. exf6 gxf6 35. Ree6 Nxb5 36. Rxf6+ Kg7 37. axb5 Rc3+ 38. Kf4 Rc4+ 39. Kg3
Rb4 40. b6 a5 41. Rf4 Rb5 42. Rd7+ 1-0

[Event "72. Bulgaria ch"]
[Site "Plovdiv BUL"]
[Date "2008.03.20"]
[Round "9.4"]
[White "Radulski, Julian"]
[Black "Mladenov, Plamen"]
[Result "1-0"]
[WhiteElo "2511"]
[BlackElo "2288"]
[PlyCount "88"]
[EventDate "2008.03.14"]
[EventType "tourn"]
[EventRounds "13"]
[EventCountry "BUL"]
[EventCategory "8"]
[Source "lmi"]
[SourceDate "2008.03.14"]

1. e4 c5 2. Nf3 d6 3. d4 cxd4 4. Nxd4 Nf6 5. Nc3 Nc6 6. Bg5 e6 7. Qd2 Be7 8.
O-O-O Nxd4 9. Qxd4 O-O 10. f4 Qa5 11. Rd3 h6 12. h4 Rd8 13. b4 Qb6 14. Qxb6
axb6 15. Be2 Kf8 16. Bxf6 Bxf6 17. Kb2 Bd7 18. Rxd6 Bc6 19. Rxd8+ Rxd8 20. Bd3
Rc8 21. e5 Be7 22. Kb3 Bxg2 23. Rh2 Bf3 24. Be2 Bxe2 25. Nxe2 Rd8 26. Nc1 Rd1
27. Nd3 h5 28. Kc4 Rg1 29. Kb5 Bd8 30. a4 Ke8 31. Rd2 Rg4 32. c4 Rxh4 33. c5
bxc5 34. Nxc5 Rxf4 35. Nxb7 Be7 36. Nd6+ Bxd6 37. exd6 Rf1 38. Ra2 Kd7 39. a5
Rf5+ 40. Kb6 Rd5 41. a6 Rxd6+ 42. Kb7 Rd5 43. a7 Rb5+ 44. Ka6 Kd6 1-0

[Event "72. Bulgaria ch"]
[Site "Plovdiv BUL"]
[Date "2008.03.20"]
[Round "9.5"]
[White "Lilov, Valeri"]
[Black "Janev, Evgeni"]
[Result "1-0"]
[WhiteElo "2323"]
[BlackElo "2485"]
[PlyCount "59"]
[EventDate "2008.03.14"]
[EventType "tourn"]
[EventRounds "13"]
[EventCountry "BUL"]
[EventCategory "8"]
[Source "lmi"]
[SourceDate "2008.03.14"]

1. e4 Nf6 2. e5 Nd5 3. d4 d6 4. Nf3 dxe5 5. Nxe5 c6 6. Bd3 Nd7 7. Nxd7 Bxd7 8.
Nd2 g6 9. O-O Bg7 10. c3 O-O 11. Re1 Qc7 12. Nf3 Rad8 13. Bg5 Rfe8 14. Bh4 c5
15. Qb3 Bc6 16. dxc5 Nf4 17. Bc4 e6 18. Bxd8 Rxd8 19. Re3 Bh6 20. Rae1 Nxg2 21.
Kxg2 Bxe3 22. Rxe3 Qf4 23. Bxe6 Rd2 24. Bxf7+ Kg7 25. Bg8 Qg4+ 26. Kf1 Bxf3 27.
Qf7+ Kh6 28. Qxf3 Qh4 29. Qh3 Rxf2+ 30. Kg1 1-0

[Event "72. Bulgaria ch"]
[Site "Plovdiv BUL"]
[Date "2008.03.20"]
[Round "9.6"]
[White "Arnaudov, G. Petar"]
[Black "Petkov, Vladimir"]
[Result "0-1"]
[WhiteElo "2345"]
[BlackElo "2434"]
[PlyCount "124"]
[EventDate "2008.03.14"]
[EventType "tourn"]
[EventRounds "13"]
[EventCountry "BUL"]
[EventCategory "8"]
[Source "lmi"]
[SourceDate "2008.03.14"]

1. e4 e5 2. Nf3 Nc6 3. d4 exd4 4. Bc4 Nf6 5. e5 d5 6. Bb5 Nd7 7. Bxc6 bxc6 8.
Nxd4 Nb8 9. O-O c5 10. Nb3 Be7 11. c4 c6 12. Be3 d4 13. Bd2 Bf5 14. Qf3 Qd7 15.
Qg3 g5 16. e6 Bxe6 17. Nxc5 Bxc5 18. Qe5 f6 19. Qxc5 Na6 20. Qa5 Bxc4 21. Re1+
Kf7 22. Na3 Bd3 23. f4 h6 24. b4 Nc7 25. Qa4 Qd5 26. Rec1 Ne6 27. Qxc6 Qxc6 28.
Rxc6 gxf4 29. Re1 Rae8 30. Nc4 Bxc4 31. Rxc4 Rc8 32. Rec1 Rxc4 33. Rxc4 Kg6 34.
Kf2 Kf5 35. Rc6 Re8 36. b5 Ng5 37. h4 Ne4+ 38. Ke2 d3+ 39. Kd1 Nxd2 40. Kxd2
Re2+ 41. Kxd3 Rxa2 42. Rc5+ Kg4 43. Rc6 Rxg2 44. Rxf6 Rb2 45. Rxh6 Rxb5 46.
Rg6+ Kf3 47. Rg5 Rb7 48. h5 Rd7+ 49. Kc2 Rd6 50. Rg6 Rd5 51. h6 Rh5 52. Ra6 Kg2
53. Kd3 f3 54. Rg6+ Kf1 55. Ra6 f2 56. Kd2 Rd5+ 57. Ke3 Re5+ 58. Kf3 Rf5+ 59.
Ke3 Rf7 60. Kd2 Kg2 61. Rg6+ Kf3 62. Rg7 Rf8 0-1

[Event "72. Bulgaria ch"]
[Site "Plovdiv BUL"]
[Date "2008.03.20"]
[Round "9.7"]
[White "Tsvetkov, Ilia"]
[Black "Spasov, Vasil"]
[Result "0-1"]
[WhiteElo "2352"]
[BlackElo "2579"]
[PlyCount "60"]
[EventDate "2008.03.14"]
[EventType "tourn"]
[EventRounds "13"]
[EventCountry "BUL"]
[EventCategory "8"]
[Source "lmi"]
[SourceDate "2008.03.14"]

1. d4 Nf6 2. c4 g6 3. Nc3 Bg7 4. e4 d6 5. Be2 O-O 6. Bg5 Na6 7. Qd2 e5 8. d5
Qe8 9. Bd1 Nc5 10. Bc2 a5 11. Nge2 Nh5 12. Nb5 Qd7 13. O-O-O b6 14. f3 a4 15.
g4 Nf4 16. Nxf4 exf4 17. Bxf4 Ba6 18. Na3 Bxc4 19. Nxc4 Qb5 20. Bd3 Nb3+ 21.
axb3 axb3 22. Kb1 Ra2 23. Na3 Qc5 24. e5 Ra8 25. Rc1 R8xa3 26. bxa3 Qxa3 27.
Qc3 dxe5 28. Bh6 Bxh6 29. Bc4 Be3 30. Qxb3 Ra1+ 0-1

[Event "72. Bulgaria ch"]
[Site "Plovdiv BUL"]
[Date "2008.03.21"]
[Round "10.1"]
[White "Kozhuharov, Spas"]
[Black "Spasov, Vasil"]
[Result "1/2-1/2"]
[WhiteElo "2456"]
[BlackElo "2579"]
[PlyCount "46"]
[EventDate "2008.03.14"]
[EventType "tourn"]
[EventRounds "13"]
[EventCountry "BUL"]
[EventCategory "8"]
[Source "lmi"]
[SourceDate "2008.03.14"]

1. e4 c5 2. Nf3 Nc6 3. d4 cxd4 4. Nxd4 Nf6 5. Nc3 e5 6. Ndb5 d6 7. Bg5 a6 8.
Na3 b5 9. Nd5 Be7 10. Bxf6 Bxf6 11. c3 O-O 12. Nc2 Bg5 13. a4 bxa4 14. Rxa4 a5
15. Bb5 Ne7 16. Ncb4 Bd7 17. Nxe7+ Bxe7 18. Nc6 Qe8 19. Nxe7+ Qxe7 20. Bxd7
Qxd7 21. O-O Qc6 22. Qa1 Rfb8 23. Rd1 h6 1/2-1/2

[Event "72. Bulgaria ch"]
[Site "Plovdiv BUL"]
[Date "2008.03.21"]
[Round "10.2"]
[White "Petkov, Vladimir"]
[Black "Tsvetkov, Ilia"]
[Result "1/2-1/2"]
[WhiteElo "2434"]
[BlackElo "2352"]
[PlyCount "153"]
[EventDate "2008.03.14"]
[EventType "tourn"]
[EventRounds "13"]
[EventCountry "BUL"]
[EventCategory "8"]
[Source "lmi"]
[SourceDate "2008.03.14"]

1. d4 d5 2. c4 c6 3. Nf3 Nf6 4. e3 Bg4 5. Nc3 e6 6. h3 Bxf3 7. Qxf3 Nbd7 8. Bd3
Bd6 9. cxd5 exd5 10. Bd2 Qe7 11. g4 h6 12. O-O-O O-O-O 13. Kb1 Rhe8 14. Rc1 Kb8
15. Qd1 Ne4 16. Be1 Nb6 17. a3 Qf6 18. Rc2 Ng5 19. Be2 Ne4 20. Rf1 Qe6 21. Bd3
f5 22. Na2 f4 23. exf4 Bxf4 24. a4 Qf6 25. a5 Nc4 26. Be2 a6 27. Nb4 Ned6 28.
Qd3 Nb5 29. Bc3 Re4 30. Rd1 Rde8 31. Bf3 Nxc3+ 32. Qxc3 Bd2 33. Rdxd2 Nxd2+ 34.
Rxd2 Rf4 35. Rd3 Rf8 36. Bxd5 cxd5 37. Nxd5 Qd6 38. Nxf4 Qxf4 39. Qc5 Qxf2 40.
Rc3 Re8 41. d5 Re1+ 42. Ka2 Qf1 43. Kb3 Ra1 44. Qd6+ Ka7 45. Qb6+ Kb8 46. Qd6+
Ka7 47. Qc5+ Ka8 48. Kb4 Qf4+ 49. Qc4 Qd6+ 50. Kb3 Rxa5 51. Qd4 Qxd5+ 52. Qxd5
Rxd5 53. Rc7 g5 54. Kc4 Rd2 55. Rh7 Rxb2 56. Rxh6 Rh2 57. Rh5 Ka7 58. Kc5 Rh1
59. Rh7 Rg1 60. Rg7 Rg3 61. Rxg5 Rxh3 62. Rg7 Rc3+ 63. Kb4 Rg3 64. Kc5 Rg1 65.
Rg6 Rb1 66. Rf6 a5 67. g5 b6+ 68. Kc6 Rc1+ 69. Kd7 Rg1 70. g6 Ka6 71. Kc7 Rc1+
72. Rc6 Rb1 73. g7 Rg1 74. Rxb6+ Ka7 75. Rb7+ Ka6 76. Rb6+ Ka7 77. Rb7+ 1/2-1/2

[Event "72. Bulgaria ch"]
[Site "Plovdiv BUL"]
[Date "2008.03.21"]
[Round "10.3"]
[White "Janev, Evgeni"]
[Black "Arnaudov, G. Petar"]
[Result "1-0"]
[WhiteElo "2485"]
[BlackElo "2345"]
[PlyCount "39"]
[EventDate "2008.03.14"]
[EventType "tourn"]
[EventRounds "13"]
[EventCountry "BUL"]
[EventCategory "8"]
[Source "lmi"]
[SourceDate "2008.03.14"]

1. e4 c5 2. Nf3 e6 3. g3 Nc6 4. Bg2 Nf6 5. Qe2 d5 6. e5 Nd7 7. d3 Qc7 8. Bf4 b6
9. Nc3 Qb7 10. Nb5 a6 11. Nd6+ Bxd6 12. exd6 O-O 13. O-O e5 14. Bg5 f6 15. Be3
Qb8 16. Nh4 Qxd6 17. Nf5 Qe6 18. Qg4 Kf7 19. c4 Ne7 20. Qh5+ 1-0

[Event "72. Bulgaria ch"]
[Site "Plovdiv BUL"]
[Date "2008.03.21"]
[Round "10.4"]
[White "Mladenov, Plamen"]
[Black "Lilov, Valeri"]
[Result "1-0"]
[WhiteElo "2288"]
[BlackElo "2323"]
[PlyCount "81"]
[EventDate "2008.03.14"]
[EventType "tourn"]
[EventRounds "13"]
[EventCountry "BUL"]
[EventCategory "8"]
[Source "lmi"]
[SourceDate "2008.03.14"]

1. d4 Nf6 2. Nf3 e6 3. c4 c5 4. Nc3 cxd4 5. Nxd4 Nc6 6. g3 Bb4 7. Bg2 Qa5 8.
O-O Bxc3 9. bxc3 O-O 10. Qb3 d5 11. cxd5 exd5 12. Bf4 Ne4 13. Nb5 Be6 14. Nc7
Nc5 15. Qc2 Rad8 16. Rfd1 Na6 17. Nxe6 fxe6 18. c4 Ncb4 19. Qb2 dxc4 20. Be5
Rxd1+ 21. Rxd1 Qxa2 22. Qd4 Qxe2 23. Bf1 Qc2 24. Bxc4 Nd5 25. Bxd5 exd5 26.
Bxg7 Rxf2 27. Qxd5+ Rf7 28. Bh6 Qf2+ 29. Kh1 Qf3+ 30. Qxf3 Rxf3 31. Rd8+ Kf7
32. Rf8+ Kg6 33. Rxf3 Kxh6 34. Rf7 Nc5 35. Rc7 b6 36. Rxa7 Kg6 37. Rc7 Na4 38.
Rc4 Nc5 39. Rb4 Nd7 40. Rd4 Nf6 41. Rd6 1-0

[Event "72. Bulgaria ch"]
[Site "Plovdiv BUL"]
[Date "2008.03.21"]
[Round "10.6"]
[White "Iotov, Valentin"]
[Black "Nikolov, Momchil"]
[Result "0-1"]
[WhiteElo "2485"]
[BlackElo "2500"]
[PlyCount "134"]
[EventDate "2008.03.14"]
[EventType "tourn"]
[EventRounds "13"]
[EventCountry "BUL"]
[EventCategory "8"]
[Source "lmi"]
[SourceDate "2008.03.14"]

1. c4 Nf6 2. g3 e6 3. Nf3 d5 4. d4 Bb4+ 5. Bd2 Be7 6. Bg2 O-O 7. O-O c6 8. Qc2
b6 9. Rd1 Ba6 10. b3 Nbd7 11. Bf4 Rc8 12. Nc3 Qe8 13. e4 dxc4 14. bxc4 Bxc4 15.
Bg5 a5 16. e5 Nd5 17. Ne4 Ba6 18. Bxe7 Qxe7 19. h4 h6 20. Rac1 c5 21. Nd6 Rc7
22. Qb2 Rd8 23. dxc5 bxc5 24. Nf5 exf5 25. Rxd5 Bb7 26. Rd2 Rdc8 27. Qc3 c4 28.
Re1 Qb4 29. Rc2 Be4 30. Rcc1 Nb6 31. Nd4 Nd5 32. Qxb4 axb4 33. Bxe4 fxe4 34.
Nb5 Rc5 35. Nd6 R8c6 36. Nb7 Rb5 37. Nd6 Rbc5 38. Nb7 Rb5 39. Nd6 Ra5 40. Rxc4
Rxc4 41. Nxc4 Rxa2 42. Rxe4 Nc3 43. Re3 Rc2 44. e6 fxe6 45. Rxe6 b3 46. Rb6
Ne2+ 47. Kf1 Nd4 48. Ne3 Rd2 49. Kg2 Kf7 50. g4 Kf8 51. Nf5 Nxf5 52. gxf5 b2
53. f6 gxf6 54. Rxf6+ Ke7 55. Rb6 Kd7 56. Kg3 Kc7 57. Rb4 Kc6 58. f4 Kc5 59.
Rb8 Kc4 60. Rc8+ Kd3 61. Rb8 Kc2 62. Rc8+ Kd1 63. Rb8 Kc1 64. Kg4 b1=Q 65.
Rxb1+ Kxb1 66. f5 Rd6 67. Kf4 Rd4+ 0-1

[Event "72. Bulgaria ch"]
[Site "Plovdiv BUL"]
[Date "2008.03.21"]
[Round "10.7"]
[White "Vasilev, Milen"]
[Black "Rusev, Krasimir"]
[Result "0-1"]
[WhiteElo "2470"]
[BlackElo "2521"]
[PlyCount "104"]
[EventDate "2008.03.14"]
[EventType "tourn"]
[EventRounds "13"]
[EventCountry "BUL"]
[EventCategory "8"]
[Source "lmi"]
[SourceDate "2008.03.14"]

1. d4 Nf6 2. c4 e6 3. Nf3 b6 4. a3 Bb7 5. Nc3 d5 6. cxd5 Nxd5 7. Qc2 Nxc3 8.
bxc3 Nd7 9. e4 c5 10. d5 exd5 11. exd5 Bxd5 12. Be3 Bc6 13. O-O-O Be7 14. Ne5
Nxe5 15. Rxd8+ Rxd8 16. Qf5 Bf6 17. Bg5 Bxg5+ 18. Qxg5 O-O 19. Qxe5 Rfe8 20.
Qf4 Re4 21. Qf5 Re1+ 22. Kb2 Rd2+ 23. Kb3 Bd7 24. Bc4 Bxf5 25. Rxe1 Bc2+ 26.
Kb2 Ba4+ 27. Kb1 Kf8 28. Re2 Rd1+ 29. Kb2 Bc6 30. f4 h5 31. g3 g6 32. Kc2 Rg1
33. Kb2 h4 34. gxh4 Rg4 35. Rf2 Rxh4 36. Bd3 f5 37. Kb3 Ke7 38. a4 Kf6 39. a5
b5 40. Kb2 a6 41. Bc2 Be4 42. Kc1 Rg4 43. Kd2 Rg1 44. Bd1 g5 45. fxg5+ Kxg5 46.
Be2 Ra1 47. Rf1 Rxa5 48. Ke3 Ra3 49. Rg1+ Kf6 50. Kf4 Bd5 51. c4 Bxc4 52. Bxc4
Ra4 0-1

[Event "72. Bulgaria ch"]
[Site "Plovdiv BUL"]
[Date "2008.03.22"]
[Round "11.1"]
[White "Rusev, Krasimir"]
[Black "Kozhuharov, Spas"]
[Result "1/2-1/2"]
[WhiteElo "2521"]
[BlackElo "2456"]
[PlyCount "82"]
[EventDate "2008.03.14"]
[EventType "tourn"]
[EventRounds "13"]
[EventCountry "BUL"]
[EventCategory "8"]
[Source "lmi"]
[SourceDate "2008.03.14"]

1. d4 e6 2. c4 Nf6 3. Nf3 c5 4. d5 exd5 5. cxd5 d6 6. Nc3 g6 7. h3 Bg7 8. e4
O-O 9. Bg5 h6 10. Be3 Re8 11. Bd3 Na6 12. O-O Nc7 13. Qd2 Kh7 14. Rfe1 b5 15.
e5 b4 16. Ne4 Nxe4 17. Bxe4 f5 18. exd6 fxe4 19. dxc7 Qxc7 20. Nh2 Qe5 21. Rac1
Qxb2 22. Qxb2 Bxb2 23. Rxc5 Be5 24. Rd1 Rd8 25. Rc4 Bd6 26. Ng4 Bxg4 27. hxg4
a5 28. Rxe4 Rab8 29. g5 h5 30. g4 hxg4 31. Kg2 Bf8 32. Bf4 Bd6 33. Rh1+ Kg8 34.
Be3 Bf8 35. Re6 Rd6 36. Rxd6 Bxd6 37. Bd4 Rb5 38. Rh8+ Kf7 39. Rh7+ Kf8 40.
Rh8+ Kf7 41. Rh7+ Kf8 1/2-1/2

[Event "72. Bulgaria ch"]
[Site "Plovdiv BUL"]
[Date "2008.03.22"]
[Round "11.2"]
[White "Nikolov, Momchil"]
[Black "Vasilev, Milen"]
[Result "1/2-1/2"]
[WhiteElo "2500"]
[BlackElo "2470"]
[PlyCount "113"]
[EventDate "2008.03.14"]
[EventType "tourn"]
[EventRounds "13"]
[EventCountry "BUL"]
[EventCategory "8"]
[Source "lmi"]
[SourceDate "2008.03.14"]

1. Nf3 d5 2. d4 Nf6 3. c4 c6 4. Nc3 dxc4 5. a4 Bf5 6. e3 e6 7. Bxc4 Bb4 8. O-O
O-O 9. Qe2 Nbd7 10. Rd1 Qe7 11. e4 Bg6 12. e5 Nd5 13. Ne4 h6 14. a5 Rfd8 15.
Bd2 Nf8 16. Ne1 Bxd2 17. Rxd2 Bxe4 18. Qxe4 Nb4 19. Nf3 Rd7 20. h4 Rad8 21.
Rad1 b5 22. axb6 axb6 23. g3 Ra7 24. Nh2 b5 25. Bb3 Rda8 26. Ng4 Ra1 27. Ne3
R8a6 28. Kh2 Qa7 29. f4 Rxd1 30. Bxd1 Ra1 31. f5 Nd5 32. fxe6 fxe6 33. Nxd5
cxd5 34. Qd3 Qa5 35. Bh5 Qb4 36. Be8 Ra2 37. Qe2 Ra5 38. Qf2 Qe7 39. Bh5 g6 40.
Bg4 h5 41. Bh3 Ra2 42. Bf1 Qb4 43. Rc2 Ra7 44. Qe3 Ra2 45. Qf2 Ra7 46. Bh3 Rf7
47. Qe3 Kg7 48. Rg2 Qc4 49. g4 hxg4 50. Bxg4 Qf1 51. Be2 Qf4+ 52. Qxf4 Rxf4 53.
Rg4 Rf2+ 54. Rg2 Rf4 55. Rg4 Rf2+ 56. Rg2 Rf4 57. Rg4 1/2-1/2